| 000 | 00598cam a2200145 4500 | ||
|---|---|---|---|
| 001 | ABS60927 | ||
| 008 | 000000n 000 0 eng u | ||
| 035 | _a(Sirsi) u101469 | ||
| 100 | _aBenyon, L. | ||
| 245 | 4 | _aThe right chemistry. | |
| 490 |
_aEstates Gazette _v64(29) 23 July 1999, 30-32(3) |
||
| 520 | _aExamines the property strategies of the UK's top three pharmaceutical companies and considers the challenges posed to the traditional property world by the flexible approach of this industry. | ||
| 690 | _aPROPERTY-COMMERCIAL PROPERTY-COMMERCIAL PROPERTY FINANCE AND INVESTMENT | ||
| 942 | _n0 | ||
| 999 |
_c60602 _d60602 |
||